Product Assurance Principles Integrating Design Assurance and Quality Assurance

Saved in:
Bibliographic Details
Main Author: Carrubba, Eugene R.
Other Authors: Gordon, Ronald D.
Format: Book
Language:English
Published: New York McGraw-Hill 1988
Edition:1. ed.
Tags: Add Tag
No Tags, Be the first to tag this record!

MARC

LEADER 00000nam a2200000 4500
001 c033042
005 20221219120426.9
041 0 |a eng 
044 |a US 
245 1 0 |a Product Assurance Principles  |b Integrating Design Assurance and Quality Assurance  |c Eugene R. Carrubba, Ronald D. Gordon 
250 |a 1. ed. 
264 1 |a New York  |b McGraw-Hill  |c 1988 
300 |a 279 s. 
100 1 |a Carrubba, Eugene R. 
700 1 |a Gordon, Ronald D.